000 00437nam a2200169Ia 4500
008 210210b2003 xxu||||| |||| 00| 0 eng d
020 _a81 219 2045 0
041 _aeng
082 _a338.954 MISI
100 _aMISRA (S K) and PURI (V K).
245 _aIndian economy Ed 21
260 _aNew Delhi.
_bS. Chand & Co. Ltd.
_c2003
300 _axvi,972,2
650 _aIndian economy
690 _aIndian Economics
906 _a058515
999 _c105645
_d105645